MARC

LEADER 00000ny a22000003n 4500
003 MiAaPQ
005 20110517131716.0
006 m d
007 cr anu
008 070326s us 000 eng d
022 |a 0094-792X 
035 |a 2986 
040 |a DLC  |c DLC  |d vLex 
050 0 0 |a HF5601  |b .C18 
050 0 0 |a HF5601  |b .C18 
090 |c 2024  |d 2024 
245 0 4 |a The CPA letter  |h [Recurso electrn̤ico] 
246 3 |a Certified Public Accountants letter 
256 |a Servicio en ln̕ea 
260 |a New York, :  |b American Institute of Certified Public Accountants 
310 |a Bimensual 
506 1 |a Contenido solo disponible en los productos indicados  |d vLex Global  |d vLex Global (Academic Edition, excluding Law Schools)  |d vLex Global (Academic Edition, Law Schools) 
521 |a "News report for members of the AICPA." 
650 0 4 |a Contabilidad  |x Publicaciones perid̤icas 
650 0 4 |a Contabilidad  |z Estados Unidos  |x Publicaciones perid̤icas 
650 0 4 |a Banking 
650 0 4 |a  finance and accounting industries 
650 0 4 |a Business 
650 0 4 |a Accounting  
650 0 4 |a Economics 
710 2 |a American Institute of Certified Public Accountants 
740 |a vLex Revista (Servicios en ln̕ea) 
780 0 0 |t C.P.A.  |x 0007-8867 
843 |a Electrn̤ica. Cerrada 
853 |8 1  |i (year)  |j (month)  |k (day) 
856 4 0 |u http://vlex.com/source/2986  |z Acceso restringido 
942 |c REV 
999 0 |a Accounting  |v Periodicals 
999 0 |a Accounting  |z United States  |v Periodicals